000 00735nam a22002537a 4500
001 54126
003 UA-OsUOA
005 20220621204932.0
007 ta
008 20160707b un ||||| |||| 00| 0 ukr d
040 _aUA-OsUOA
_bukr
_cUA-OsUOA
_dUA-OsUOA
041 _aukr
080 _a82-3
090 _a82-3
_bК89
100 _aКузьмович О.
245 _aПро це і те
260 _aН.-Й.
_bComputorprint Corp.
_c2000
300 _a287 с.
650 7 _a82 Література. Літературознавство
_2UDC
942 _cBK
_2udc
955 _a3
999 _c434244
_d434244